000 01119nam a2200301 i 4500
001 000021633
003 DO-SdBNP
005 20240611152751.0
007 ta
008 100909s1983 dr bc 000 0 spa d
040 _aDO-SdBNP
_bspa
_cBNPHU
_erda
082 4 _a972.9304
_bA669h, 1983
_222
100 1 _aArchambault, Pedro M.,
_q(Pedro María)
_92398
_eautor
245 1 0 _aHistoria de la restauración /
_cPedro M. Archambault ; prólogo, Rafael Vidal ; edición, José M. Gómez Saviñón
250 _atercera edición
264 _aSanto Domingo :
_bDe Santo Domingo,
_c1983.
300 _a330 páginas :
_bmapas, retratos. ;
_c23 cm.
336 _2rdacontent
_atexto
_btxt
337 _2rdamedia
_asin mediación
_bn
338 _2rdacarrier
_avolumen
_bnc
534 _cParís : La Libraire Technique et Economique, 1938.
590 _aInventariado, 2019/BT
651 4 _aRepública Dominicana
_xHistoria
_yRestauración 1863-1865
_9896
700 1 _aVidal, Rafael,
_eprólogo
_92400
700 1 _aGómez Saviñón, José M.,
_eedición
_985634
910 _aValidado. Control de calidad MFF
942 _2ddc
_cLBS1
999 _c21132
_d21132